Le nouvel esprit du capitalisme / (Record no. 3691)

MARC details
000 -LEADER
fixed length control field 01901cam a2200289 a 4500
001 - CONTROL NUMBER
control field 3691
003 - CONTROL NUMBER IDENTIFIER
control field FISKH
005 - DATE AND TIME OF LATEST TRANSACTION
control field 20240411123748.0
008 - FIXED-LENGTH DATA ELEMENTS--GENERAL INFORMATION
fixed length control field 991119s1999 fr b 001 0 fre
010 ## - LIBRARY OF CONGRESS CONTROL NUMBER
LC control number 00357364
020 ## - INTERNATIONAL STANDARD BOOK NUMBER
International Standard Book Number 2070749959
035 ## - SYSTEM CONTROL NUMBER
System control number (FrPJT)JTL00039206
040 ## - CATALOGING SOURCE
Original cataloging agency DLC
Transcribing agency DLC
050 00 - LIBRARY OF CONGRESS CALL NUMBER
Classification number HB501
Item number .B713 1999
100 1# - MAIN ENTRY--PERSONAL NAME
Personal name Boltanski, Luc.
245 13 - TITLE STATEMENT
Title Le nouvel esprit du capitalisme /
Statement of responsibility, etc. Luc Boltanski, Eve Chiapello.
260 ## - PUBLICATION, DISTRIBUTION, ETC.
Place of publication, distribution, etc. Paris :
Name of publisher, distributor, etc. Gallimard,
Date of publication, distribution, etc. c1999.
300 ## - PHYSICAL DESCRIPTION
Extent 843 pages :
Dimensions 23 cm.
490 0# - SERIES STATEMENT
Series statement NRF essais
504 ## - BIBLIOGRAPHY, ETC. NOTE
Bibliography, etc. note Includes bibliographical references (p. [779]-807) and indexes.
520 ## - SUMMARY, ETC.
Summary, etc. New edition of this major work examining the development of neoliberalism In this established classic, sociologists Luc Boltanski and Eve Chiapello get to the heart of contemporary capitalism. Delving deep into the latest management texts informing the thinking of employers, the authors trace the contours of a new spirit of capitalism. They argue that beginning in the mid-1970s, capitalism abandoned the hierarchical Fordist work structure and developed a new network-based form of organization founded on employee initiative and autonomy in the workplace--a putative freedom bought at the cost of material and psychological security. This was a spirit in tune with the libertarian and romantic currents of the period (as epitomized by dressed-down, cool capitalists such as Bill Gates and Ben and Jerry) and, as the authors argue, a more successful, pernicious, and subtle form of exploitation. In this new edition, the authors reflect on the reception of the book and the debates it has stimulated.
650 #0 - SUBJECT ADDED ENTRY--TOPICAL TERM
Topical term or geographic name entry element Capitalism
General subdivision Social aspects.
700 1# - ADDED ENTRY--PERSONAL NAME
Personal name Chiapello, Eve.
906 ## - LOCAL DATA ELEMENT F, LDF (RLIN)
a 7
b cbc
c origres
d 3
e ncip
f 20
g y-gencatlg
942 ## - ADDED ENTRY ELEMENTS (KOHA)
Source of classification or shelving scheme Dewey Decimal Classification
Koha item type Books
Suppress in OPAC No
Holdings
Withdrawn status Lost status Source of classification or shelving scheme Damaged status Not for loan Collection Home library Current library Shelving location Date acquired Total Checkouts Full call number Barcode Date last seen Price effective from Koha item type
    Dewey Decimal Classification     Non-Fiction Footprints International School Library Network Toul Kork Campus Footprints International School Library Network Toul Kork Campus TK Floor 4 Rear Hallway Shelf 1 (Adult/Secondary Foriegn Language/Khmer) 04/11/2024   BOL 306.3 HB501.B71313 2024-0486 04/11/2024 04/11/2024 Books